Регионална библиотека "Любен Каравелов" - Русе

Предречено от звездите (Запис номер 400206)

MARC детайли
000 -Лидер
Контролно поле с фиксирана дължина 01075nam a22002777a 4500
003 - Код на организацията, давaща контролен номер
Контролно поле BLK
005 - Дата и час на последна редакция
Контролно поле 20250125102105.0
008 - Елементи от данни с фиксирана дължина
fixed length control field 210308b bu ||||| |||| 00| 0 bu d
020 ## - Международен стандартен номер на книга ISBN
Международен стандартен номер на книга ISBN 9786192430696
040 ## - Източник на каталожния запис
Идентификатор на билиотеката - собственик на записа BLK
041 ## - Код за език
Код за езика на текст/звукозапис или на отделно заглавие Български
Код за езика КДБФ Български
080 ## - УДК
Текстов определител УДК Австралийска литература
УДК код - определител по УДК 821.111(94)
УДК определител -31
УДК - код + определител 821.111(94)-31
100 ## - Редна дума - Автор
R(LIN) 1299
Автор Дарк, Мини
Авторска отговорност първи автор
139 ## - Редно поле
Редна дума Дарк, Мини
Авторски знак Дар - Д 23
245 ## - Сведения за заглавието
Заглавие Предречено от звездите
Редно поле (дума) Мини Дарк ; прев. от англ. Йолина Миланова
260 ## - Област на издателските данни
9 (RLIN) 209461
Място на издаване, разпространение и проч. София
Име на издателя, разпространителя и проч. Прозорец
Година на издаване 2020
Печатница София: Инвестпрес
Издателство - префикс ISBN 978-954-733- ; 954-8079-
300 ## - Физическа характеристика
Страници 368 с.
Размери/Мащаб 20 см
380 ## - Жанр
Жанр Худож. лит.
500 ## - Общи забележки
Забележка Ориг. загл.: Star-crossed / Minnie Darke
700 ## - Други автори (авторска отговорност)
Лично име Миланова, Йолина Антонова
9 (RLIN) 363658
852 ## - Местоположение
Форматна сигнатура Цб 306847
Фондова буква Хранилище
852 ## - Местоположение
Фондова буква Заемна - подръчен фонд
Систематично-азбучна сигнатура 821-31/Д 23 М
942 ## - АРТИКУЛИ
Вид на библиотечния материал Книги
Скрит в OPAC Не
Периодичен библиозапис Да
Koha issues (borrowed), all copies 1
944 ## - СЪЗДАВАНЕ И РЕДАКЦИЯ на ЗАПИСА
Създаване/Редакция Създаване
Дата на регистрацията/редакция 2021-03-08
Служител, извършил регистрацията/редакцията 30529
Статус, дата на статуса Диана Гривева
944 ## - СЪЗДАВАНЕ И РЕДАКЦИЯ на ЗАПИСА
Създаване/Редакция Редакция
Дата на регистрацията/редакция 2025-01-15
Служител, извършил регистрацията/редакцията М.Я.
999 ## - СИСТЕМНИ КОНТРОЛНИ НОМЕРА
Koha biblionumber 400206
Koha biblioitemnumber 400206
Наличности
Код за отписване Код за изгубен артикул Източник на класификационната схема Код за повреда Коз за рестрикции Код за отдаване Артикулен № Име на библиотеката - собственик Име на библиотеката, в която се намира в момента Статус (Текущо местоположение) Дата на вписване в системата Местоположение - отдел Цена в лева Систематично азбучна сигнатура Баркод Цена в евро Служебен тип на артикула Инвентарен номер
  Не е изгубен Universal Decimal Classification Не е повреден само за читалня ползва се в читалня 815431 Регионална библиотека "Любен Каравелов" Русе Регионална библиотека "Любен Каравелов" Русе Хранилище 2021-03-10 Хранилище 15.00 Цб 306847 120000852732 7.67 Книги  
  Не е изгубен Universal Decimal Classification Не е повреден   заемане за дома 958241 Регионална библиотека "Любен Каравелов" Русе Регионална библиотека "Любен Каравелов" Русе Заемна - подръчен фонд 2025-01-15 Заемна - подръчен фонд 9.75 821-31/Д 23 М 120000916833 4.99 Книги 120000916833
Vip Innovations Ltd, Rousse, Bulgaria 2025